Derechos y obligaciones de empleadores y trabajadores : (Registro nro. 32471)

Detalles MARC
000 -LEADER
fixed length control field 01487nam a2200301 4500
001 - CONTROL NUMBER
control field 0000013859
003 - CONTROL NUMBER IDENTIFIER
control field CO-CtgCURN
005 - DATE AND TIME OF LATEST TRANSACTION
control field 20250429223931.0
007 - PHYSICAL DESCRIPTION FIXED FIELD--GENERAL INFORMATION
fixed length control field ta
008 - FIXED-LENGTH DATA ELEMENTS--GENERAL INFORMATION
fixed length control field 160627s1993 000 0 eng d
040 ## - CATALOGING SOURCE
Original cataloging agency CO-CtgCURN
Language of cataloging spa
Transcribing agency coctgcurn
082 0# - DEWEY DECIMAL CLASSIFICATION NUMBER
Classification number 348.6
Item number B84d
100 1# - MAIN ENTRY--PERSONAL NAME
Personal name Buitrago C., Luis A.
245 10 - TITLE STATEMENT
Title Derechos y obligaciones de empleadores y trabajadores :
Remainder of title actualizado con el nuevo regimen de cesantias, Ley 50 de 1990 y Decreto 1063 de 1991 /
Statement of responsibility, etc. Luis Alfredo Buitrago C.
250 ## - EDITION STATEMENT
Edition statement 6a ed.
260 ## - PUBLICATION, DISTRIBUTION, ETC.
Place of publication, distribution, etc. Bogotá :
Name of publisher, distributor, etc. Libreria Juridica Wilches,
Date of publication, distribution, etc. 1993.
300 ## - PHYSICAL DESCRIPTION
Extent lxxvii, 511 p.
336 ## - CONTENT TYPE
Source rdacontent
337 ## - MEDIA TYPE
Source rdamedia
Media type term sin mediacion
Media type code n
338 ## - CARRIER TYPE
Source rdacarrier
Carrier type term volumen
Carrier type code nc
500 ## - GENERAL NOTE
General note Incluye indice.
505 8# - FORMATTED CONTENTS NOTE
Formatted contents note Accidentes de trabajo y enfermedades profesionales -- Artesano -- Asesores de empresa y contrato de mandato -- Auxilio de tansporte -- Calzado y vestido de labor -- Celadores y vigilantes -- Cesantias. Nuevo regimen de ellas -- Cierre de empresas -- Compensacion, prestamos, retencion y deducción de salarios -- Conciliacon, transacion, arbitramento -- Contrato individual de trabajo -- Contrato de aprendizaje -- Despidos colectivos -- Embargo de salarios -- Enganche de personal -- Equidad -- Auxilio de transporte
650 14 - SUBJECT ADDED ENTRY--TOPICAL TERM
Topical term or geographic name entry element Trabajo y trabajadores.
740 0# - ADDED ENTRY--UNCONTROLLED RELATED/ANALYTICAL TITLE
Uncontrolled related/analytical title Artesano.
908 ## - PUT COMMAND PARAMETER (RLIN)
Put command parameter 160627
942 ## - ADDED ENTRY ELEMENTS (KOHA)
Koha item type Libros
Classification part 348.6
Item part B84d
Source of classification or shelving scheme Dewey Decimal Classification
Existencias
Withdrawn status Lost status Source of classification or shelving scheme Damaged status Not for loan Collection Home library Current library Shelving location Date acquired Inventory number Total checkouts Full call number Barcode Date last seen Copy number Price effective from Koha item type Public note
    Dewey Decimal Classification     General Miguel Henríquez Castañeda Miguel Henríquez Castañeda General 04/29/2025 002979   348.6 B84d 002979 04/29/2025 ej.1 04/29/2025 Libros 340-DEREC